Library Logo

Pioneer International University Library Catalogue

DOMESTIC TERRORISM / (Record no. 9801)

MARC details
000 -LEADER
fixed length control field 00457nam a22001697a 4500
003 - CONTROL NUMBER IDENTIFIER
control field OSt
005 - DATE AND TIME OF LATEST TRANSACTION
control field 20251113131903.0
008 - FIXED-LENGTH DATA ELEMENTS--GENERAL INFORMATION
fixed length control field 251113b |||||||| |||| 00| 0 eng d
010 ## - LIBRARY OF CONGRESS CONTROL NUMBER
LC control number 2006006020
020 ## - INTERNATIONAL STANDARD BOOK NUMBER
International Standard Book Number 0791086836
040 ## - CATALOGING SOURCE
Transcribing agency CHELSEA HOUSE PUBLISHERS
050 ## - LIBRARY OF CONGRESS CALL NUMBER
Classification number HV 6432 .L477 2006
Item number .L477 2006
245 ## - TITLE STATEMENT
Title DOMESTIC TERRORISM /
Statement of responsibility, etc. LEVIN, JACK
250 ## - EDITION STATEMENT
Edition statement 1ST EDITION
260 ## - PUBLICATION, DISTRIBUTION, ETC.
Place of publication, distribution, etc. NEW YORK:
Name of publisher, distributor, etc. CHELSEA HOUSE PUBLISHERS,
Date of publication, distribution, etc. 2006
942 ## - ADDED ENTRY ELEMENTS (KOHA)
Source of classification or shelving scheme Library of Congress Classification
Koha item type Books
Suppress in OPAC No
Holdings
Withdrawn status Lost status Source of classification or shelving scheme Damaged status Not for loan Home library Current library Date acquired Total checkouts Barcode Date last seen Price effective from Koha item type
    Library of Congress Classification     PIU Library PIU Library 11/13/2025   PIUDL773 11/13/2025 11/13/2025 Books